[Event "TUR-ch (Women)"]
[Site "Aksu"]
[Date "2017.03.10"]
[Round "9"]
[White "Engin, Cagla"]
[Black "Kose, Ulya"]
[Result "0-1"]
[WhiteElo "1190"]
[BlackElo "1490"]
[PlyCount "86"]
[EventDate "2017.03.06"]
[EventType "swiss"]
[EventRounds "9"]
[EventCountry "TUR"]
[SourceTitle "CBM 177 Extra"]
[Source "ChessBase"]
[SourceDate "2017.04.27"]
[SourceVersion "1"]
[SourceVersionDate "2017.04.27"]
[SourceQuality "1"]

1. e4 c5 2. Nc3 a6 3. g3 b5 4. Bg2 Bb7 5. Nge2 e6 6. d4 cxd4 7. Nxd4 Bc5 8. 0-0 Ne7 9. Nde2 0-0 10. Nf4 Nbc6 11. Re1 Qb6 12. Be3 Bxe3 13. Rxe3 Ne5 14. b3 Rfd8 15. Nce2 Ng4 16. Qd2 Nxe3 17. fxe3 Rac8 18. Kh1 d5 19. exd5 Nxd5 20. Nxd5 Bxd5 21. Bxd5 Rxd5 22. Qc1 Rcd8 23. Nf4 Rd1+ 24. Qxd1 Rxd1+ 25. Rxd1 h6 26. Rd3 Qc6+ 27. Kg1 Qxc2 28. Rd8+ Kh7 29. Rf8 Qc1+ 30. Kf2 Qd2+ 31. Kf3 e5 32. Ne2 Qd5+ 33. Kf2 f6 34. Rb8 Qh1 35. Rb6 Qxh2+ 36. Kf1 Qh1+ 37. Kf2 e4 38. Rxa6 Qf3+ 39. Ke1 Qxe3 40. a4 bxa4 41. bxa4 Qd3 42. Rb6 e3 43. Rb2 Qa3 0-1

[Event "TUR-ch (Women)"]
[Site "Aksu"]
[Date "2017.03.10"]
[Round "8"]
[White "Kose, Ulya"]
[Black "Akat, Elifnaz"]
[Result "1-0"]
[WhiteElo "1490"]
[BlackElo "1241"]
[PlyCount "95"]
[EventDate "2017.03.06"]
[EventType "swiss"]
[EventRounds "9"]
[EventCountry "TUR"]
[SourceTitle "CBM 177 Extra"]
[Source "ChessBase"]
[SourceDate "2017.04.27"]
[SourceVersion "1"]
[SourceVersionDate "2017.04.27"]
[SourceQuality "1"]

1. e4 e5 2. Nf3 Nc6 3. Bb5 a6 4. Ba4 Nf6 5. 0-0 Bd6 6. Re1 0-0 7. c3 Re8 8. Bc2 h6 9. a4 Bc5 10. d4 exd4 11. cxd4 Bb4 12. Bd2 Bxd2 13. Qxd2 d6 14. h3 Bd7 15. Na3 Ne7 16. e5 dxe5 17. dxe5 Nfd5 18. Bb3 Bc6 19. Nd4 Qd7 20. Nxc6 Qxc6 21. Rac1 Qd7 22. Red1 c6 23. Nc4 Rad8 24. Nd6 Rf8 25. Qa5 Ra8 26. Qe1 Kh8 27. Bc2 f6 28. exf6 Rxf6 29. Ne4 Rf7 30. Nc5 Qc7 31. Qe4 Nf6 32. Qc4 Ned5 33. Ne4 Nxe4 34. Qxe4 Nf6 35. Qg6 Raf8 36. Re1 Re7 37. g4 Re5 38. h4 Rxe1+ 39. Rxe1 Qf4 40. Bf5 h5 41. g5 b6 42. gxf6 Qh6 43. Qxh6+ gxh6 44. Re6 Rc8 45. f7 Kg7 46. Bg6 b5 47. axb5 axb5 48. Re8 1-0

[Event "TUR-ch (Women)"]
[Site "Aksu"]
[Date "2017.03.08"]
[Round "4"]
[White "Kose, Ulya"]
[Black "Ozsoy, Damla"]
[Result "1/2-1/2"]
[WhiteElo "1490"]
[BlackElo "1410"]
[PlyCount "72"]
[EventDate "2017.03.06"]
[EventType "swiss"]
[EventRounds "9"]
[EventCountry "TUR"]
[SourceTitle "CBM 177 Extra"]
[Source "ChessBase"]
[SourceDate "2017.04.27"]
[SourceVersion "1"]
[SourceVersionDate "2017.04.27"]
[SourceQuality "1"]

1. e4 c5 2. Nf3 d6 3. d4 cxd4 4. Nxd4 Nf6 5. Nc3 Nc6 6. h3 e5 7. Nxc6 bxc6 8. Bg5 Be7 9. Qd2 Rb8 10. b3 0-0 11. 0-0-0 Qa5 12. Bxf6 gxf6 13. Re1 Be6 14. Re3 Kh8 15. Rg3 Rg8 16. Bd3 Rxg3 17. fxg3 d5 18. Na4 Qxd2+ 19. Kxd2 Rd8 20. Ke2 Kg7 21. Nc3 Bb4 22. Nb1 a5 23. c3 Bc5 24. Nd2 Bb6 25. c4 d4 26. g4 Ra8 27. Nf1 Bc5 28. Ng3 Be7 29. Nf5+ Bxf5 30. exf5 a4 31. Rc1 axb3 32. axb3 Ra2+ 33. Rc2 Rxc2+ 34. Bxc2 Kf8 35. Be4 c5 36. Bc6 Bd8 1/2-1/2

[Event "TUR-chT2"]
[Site "Konya"]
[Date "2015.07.29"]
[Round "7.4"]
[White "Kose, Ulya"]
[Black "Celik, Akarsu Bengi"]
[Result "1/2-1/2"]
[WhiteElo "1473"]
[BlackElo "1515"]
[PlyCount "83"]
[EventDate "2015.07.25"]
[EventType "team-swiss"]
[EventRounds "9"]
[EventCountry "TUR"]
[SourceTitle "CBM 167 Extra"]
[Source "ChessBase"]
[SourceDate "2015.09.14"]
[SourceVersion "1"]
[SourceVersionDate "2015.09.14"]
[SourceQuality "1"]
[WhiteTeam "Canakkale Gokceada"]
[BlackTeam "Izmir Karsiyaka"]
[WhiteTeamCountry "TUR"]
[BlackTeamCountry "TUR"]

1. e4 c5 2. c3 g6 3. d4 cxd4 4. cxd4 d5 5. e5 Nc6 6. Nc3 Bg7 7. h3 Nh6 8. g4 a6 9. f4 e6 10. Nf3 Ng8 11. Bg2 Nge7 12. Be3 Qb6 13. Qe2 Na5 14. 0-0 Nc4 15. b3 Nxe3 16. Qxe3 Bd7 17. Rac1 0-0 18. Ne2 Bb5 19. Rfd1 Bxe2 20. Qxe2 Rac8 21. Qf2 Rc7 22. Rxc7 Qxc7 23. Nh4 f6 24. Qe3 fxe5 25. dxe5 Bh6 26. g5 Bg7 27. Rc1 Qa5 28. a4 Rc8 29. Rxc8+ Nxc8 30. Bf3 Qb6 31. Qxb6 Nxb6 32. Bg4 Kf7 33. Kf2 Bf8 34. Ke3 Nd7 35. Nf3 Bc5+ 36. Kd3 Ba3 37. Nd4 Nc5+ 38. Kc3 Ne4+ 39. Kc2 Nc5 40. Kc3 Ne4+ 41. Kc2 Nc5 42. Kc3 1/2-1/2

[Event "EU-ch U12 Girls 24th"]
[Site "Batumi"]
[Date "2014.10.20"]
[Round "2"]
[White "Kose, Ulya"]
[Black "Shpanko, Nadiia"]
[Result "0-1"]
[WhiteElo "1444"]
[BlackElo "1693"]
[PlyCount "56"]
[EventDate "2014.10.19"]
[EventType "swiss"]
[EventRounds "9"]
[EventCountry "GEO"]
[SourceTitle "EXT 2016"]
[Source "ChessBase"]
[SourceDate "2015.10.08"]
[SourceVersion "1"]
[SourceVersionDate "2015.10.08"]
[SourceQuality "1"]

1. e4 c5 2. c3 d5 3. exd5 Qxd5 4. d4 Nc6 5. Nf3 Bf5 6. dxc5 Qxc5 7. Be3 Qa5 8. Qb3 Qc7 9. Bb5 e6 10. 0-0 Bd6 11. h3 Nge7 12. Nd4 0-0 13. Bxc6 bxc6 14. Qd1 Rab8 15. b3 a5 16. Nd2 Bd3 17. Re1 Nd5 18. c4 Nxe3 19. Rxe3 Bg6 20. Qf3 Be5 21. Qg4 h5 22. Nxe6 hxg4 23. Nxc7 Bxc7 24. hxg4 Bf4 25. Re2 Bd3 26. Ree1 Bxd2 27. Red1 Bc3 28. Rac1 Bb2 0-1

[Event "EU-ch U12 Girls 24th"]
[Site "Batumi"]
[Date "2014.10.19"]
[Round "1"]
[White "Beshukova, Alina"]
[Black "Kose, Ulya"]
[Result "0-1"]
[WhiteElo "1712"]
[BlackElo "1444"]
[PlyCount "98"]
[EventDate "2014.10.19"]
[EventType "swiss"]
[EventRounds "9"]
[EventCountry "GEO"]
[SourceTitle "EXT 2016"]
[Source "ChessBase"]
[SourceDate "2015.10.08"]
[SourceVersion "1"]
[SourceVersionDate "2015.10.08"]
[SourceQuality "1"]

1. c4 e5 2. e3 Nf6 3. a3 c6 4. d4 exd4 5. Qxd4 d6 6. Nf3 Bf5 7. Bd3 Bxd3 8. Qxd3 Nbd7 9. b4 a5 10. Bb2 d5 11. Qb3 axb4 12. axb4 Rxa1 13. Bxa1 Qb6 14. Bc3 Ne4 15. 0-0 Nxc3 16. Qxc3 dxc4 17. Qxc4 Qxb4 18. Qa2 Bd6 19. Rd1 0-0 20. Rd4 Qc5 21. Qd2 Nf6 22. Nc3 Bc7 23. Na4 Qa5 24. Qc2 Rd8 25. g3 Rxd4 26. Nxd4 Nd5 27. Nc5 b6 28. Ncb3 Qe1+ 29. Kg2 c5 30. Qe4 Nxe3+ 31. fxe3 g6 32. Nc6 Qe2+ 33. Kh3 Qh5+ 34. Qh4 Qf5+ 35. Qg4 Qf1+ 36. Kh4 Qf6+ 37. Kh3 Qxc6 38. Qc8+ Kg7 39. Nd2 Qe6+ 40. Qxe6 fxe6 41. Kg2 b5 42. Kf2 c4 43. Ne4 b4 44. Nc5 Kf6 45. Ke2 b3 46. Ne4+ Ke5 47. Nc3 Ba5 48. Kd2 Bxc3+ 49. Kxc3 Ke4 0-1